| 000 | 00659nam a2200229Ia 4500 | ||
|---|---|---|---|
| 001 | 1572 | ||
| 003 | GE_BSU | ||
| 008 | 181216s||||||||xx |||||||||||||| ||und|| | ||
| 020 | _a5160023682 | ||
| 040 | _cGE_BSU | ||
| 080 | _a696(075.3) | ||
| 100 | _aВарфоломеев, Ю.М. Орлов,В.А. | ||
| 245 | _aСанитарно-технические оборудование зданий. | ||
| 245 | _bУчебник. | ||
| 260 | _aМ. | ||
| 260 | _bИнфра. | ||
| 260 | _c2007. | ||
| 300 | _a248стр.21см. | ||
| 541 | _h8 л. | ||
| 653 | _aСанитарно-технические оборудование зданий. | ||
| 942 | _cBK | ||
| 999 |
_c35699 _d35699 |
||